000
00248 a2200097 4500
020
_a
9788197203343
100
_a
Asha Abhilash
245
_a
Kalyaneemadhavam(കല്യാണീമാധവം)
260
_b
Mankind Literature
_c
2024
942
_c
OO
999
_c
115380
_d
115379